书目信息 |
| 题名: |
化工厂的设计与改造
|
|
| 作者: | 刘道德 编著 | |
| 分册: | ||
| 出版信息: | 长沙 中南工业大学出版社 1995.08 |
|
| 页数: | 454页 | |
| 开本: | 32开 | |
| 丛书名: | ||
| 单 册: | ||
| 中图分类: | TQ-44 | |
| 科图分类: | ||
| 主题词: | 化学工业 | |
| 电子资源: | ||
| ISBN: | 7-81020-765-2 | |
| 000 | 00570nam0 2200193 45 | |
| 001 | 0007241043 | |
| 005 | 20000724101153.4 | |
| 010 | @a7-81020-765-2@d16.00元 | |
| 100 | @a20000724d1995 km y0chiy0120 ea | |
| 101 | 0 | @achi |
| 105 | @a z 000yy | |
| 200 | 1 | @a化工厂的设计与改造@AHua Gong Chang De She Ji Yu Gai Zao@f刘道德等编著@FLiu Dao De Deng Bian Zhu |
| 210 | @a长沙@c中南工业大学出版社@d1995.08 | |
| 215 | @a454页@d32开 | |
| 606 | 0 | @a化学工业 |
| 690 | @aTQ-44@v3 | |
| 701 | 0 | @a刘道德@4编著 |
| 801 | @aCN@bPftUser@c20000724 | |
| 905 | @b75577-596@dTQ-44@eL134@f20 | |
| 化工厂的设计与改造/刘道德等编著.-长沙:中南工业大学出版社,1995.08 |
| 454页;32开 |
| ISBN 7-81020-765-2:16.00元 |
| ● |
| 相关链接 |
|
|
|
正题名:化工厂的设计与改造
索取号:TQ-44/L134
 
预约/预借
| 序号 | 登录号 | 条形码 | 馆藏地/架位号 | 状态 | 备注 |
| 1 | 75577 | 200755771 | 期刊室512/501自科库 136排9列4层/ [索取号:TQ-44/L134] | 在馆 | |
| 2 | 75578 | 200755780 | 期刊室512/501自科库 136排9列4层/ [索取号:TQ-44/L134] | 在馆 | |
| 3 | 75579 | 200755799 | 自科二线504/504自科库 14排4列3层/ [索取号:TQ-44/L134] | 在馆 | |
| 4 | 75580 | 200755806 | 自科二线504/504自科库 14排4列3层/ [索取号:TQ-44/L134] | 在馆 | |
| 5 | 75581 | 200755815 | 自科二线504/504自科库 14排4列3层/ [索取号:TQ-44/L134] | 在馆 | |
| 6 | 75582 | 200755824 | 自科二线504/504自科库 14排4列3层/ [索取号:TQ-44/L134] | 在馆 | |
| 7 | 75583 | 200755833 | 自科二线504/504自科库 14排4列3层/ [索取号:TQ-44/L134] | 在馆 | |
| 8 | 75584 | 200755842 | 自科二线504/504自科库 14排4列3层/ [索取号:TQ-44/L134] | 在馆 | |
| 9 | 75585 | 200755851 | 自科二线504/504自科库 14排4列3层/ [索取号:TQ-44/L134] | 在馆 | |
| 10 | 75586 | 200755860 | 自科二线504/504自科库 14排4列3层/ [索取号:TQ-44/L134] | 在馆 | |
| 11 | 75587 | 200755879 | 自科二线504/504自科库 14排4列3层/ [索取号:TQ-44/L134] | 在馆 | |
| 12 | 75588 | 200755888 | 自科二线504/504自科库 14排4列3层/ [索取号:TQ-44/L134] | 在馆 | |
| 13 | 75589 | 200755897 | 自科二线504/504自科库 14排4列3层/ [索取号:TQ-44/L134] | 在馆 | |
| 14 | 75590 | 200755904 | 自科二线504/504自科库 14排4列3层/ [索取号:TQ-44/L134] | 在馆 | |
| 15 | 75591 | 200755913 | 自科二线504/504自科库 14排4列3层/ [索取号:TQ-44/L134] | 在馆 | |
| 16 | 75592 | 200755922 | 期刊室512/501自科库 136排9列4层/ [索取号:TQ-44/L134] | 在馆 | |
| 17 | 75593 | 200755931 | 期刊室512/501自科库 136排9列4层/ [索取号:TQ-44/L134] | 在馆 | |
| 18 | 75594 | 200755940 | 自科二线504/504自科库 14排4列3层/ [索取号:TQ-44/L134] | 在馆 | |
| 19 | 75595 | 200755959 | 自科二线504/504自科库 14排4列3层/ [索取号:TQ-44/L134] | 在馆 | |
| 20 | 75596 | 200755968 | 期刊室512/501自科库 136排9列4层/ [索取号:TQ-44/L134] | 在馆 |